| 000 | 01451nam0a2200337 4500 | ||
|---|---|---|---|
| 001 | RU\NLR\bibl\2038963 | ||
| 005 | 20260406115940.0 | ||
| 010 |
_a978-5-88353-475-0 _bсерия |
||
| 010 |
_a978-5-88353-486-6 _95000 _bБММ |
||
| 021 |
_aRU _b2013-35564 _92437 |
||
| 035 | _a(NLR Aleph) 002026299 | ||
| 090 |
_a4528752 _c4528752 |
||
| 100 | _a20130603d2012 |||y0rusy50 ca | ||
| 101 | 0 | _arus | |
| 102 |
_aRU _aUA |
||
| 105 | _aa ||||||||| | ||
| 200 | 1 |
_aКапитанская дочка _e[роман] _fА.С. Пушкин _g[коммент. М.Л. Гофмана _gвступ. ст. В.Д. Рака _gил. П. Соколова, гравюры А. Ламота] |
|
| 210 |
_aМосква _cБММ _aХарьков _cКнижный клуб "Клуб семейного досуга" _d2012 |
||
| 215 |
_a190, [2] с. _cил. _d18 |
||
| 225 | 1 | _aКлассика в кармане | |
| 225 | 1 | _aПроект Д.Е. Веселова | |
| 686 | 2 | _aШ6(2=Р)51-4 | |
| 700 | 1 |
_4070 _7ca _8rus _aПушкин _bА. С. _cпоэт _f1799-1837 _gАлександр Сергеевич _9110441 _3RU\NLR\auth\77386 |
|
| 702 | 1 |
_4040 _7ca _8rus _aСоколов _bП. П. _cхудожник _f1826-1905 _gПавел Петрович _990419 _3RU\NLR\AUTH\77107494 |
|
| 702 | 1 |
_aЛамот _bА. _4040 |
|
| 801 | 0 |
_aRU _bNLR _c20130603 _gRCR |
|
| 801 | 1 |
_aRU _bNLR _c20130603 |
|
| 942 | _cBOOK | ||
| 980 | _aNB | ||